Hiszpania na MŚ 2010 - Statystyki

Ogólne statystyki
  • Ten quiz został rozwiązany 318 razy
  • Średni wynik to 15 z 24
Statystyki odpowiedzi
Hint Odpowiedź % Poprawnych
6 FC Barcelona Andres Iniesta
97%
8 FC Barcelona Xavi
96%
1 Real Madryt Iker Casillas
95%
15 Real Madryt Sergio Ramos
95%
7 FC Barcelona David Villa
89%
3 FC Barcelona Gerard Pique
89%
9 Liverpool Fernando Torres
87%
5 FC Barcelona Carles Puyol
81%
21 Manchester City David Silva
80%
16 FC Barcelona Sergio Busquets
76%
10 Arsenal Londyn Cesc Fabregas
71%
12 FC Barcelona Victor Valdes
71%
14 Real Madryt Xabi Alonso
71%
18 FC Barcelona Pedro
64%
23 Liverpool Pepe Reina
54%
Trener Vicente Del Bosque
49%
17 Real Madryt Alvaro Arbeloa
44%
22 Sevilla Jesus Navas
43%
11 Villareal Joan Capdevilla
41%
2 Real Madryt Raul Albiol
38%
13 Valencia Juan Mata
30%
19 Athletic Bilbao Fernando Llorente
26%
20 Athletic Bilbao Javi Martinez
25%
4 Valencia Carlos Marchena
17%
Nie znaleziono quizów pasujących do podanych kryteriów
Rozkład punktacji
Procent ludzi z każdym wynikiem
Percentyl według liczby udzielonych odpowiedzi
Twoja historia wyników
Nie rozwiązałeś tego quizu